Every DJ Mustard Song on the Billboard Hot 100 - Statistics

General Stats
  • This quiz has been taken 32 times
    13 since last reset
  • The average score is 3 of 6
Answer Stats
# Year Song % Correct
11 2020 Ballin' ft. (Roddy Ricch)
91%
23 2019 Pure Water (Migos)
64%
81 2019 Baguettes In The Face ft. NAV, Playboi Carti & A Boogie Wit Da Hoodie
55%
20 2020 High Fashion (Roddy Ricch)
36%
48 2014 Or Nah (Ty Dolla $ign) ft. Wiz Khalifa
18%
96 2014 Feelin' Myself (will.i.am) ft. Miley Cyrus, French Montana & Wiz Khalifa
9%
No matching quizzes found
Score Distribution
Percent of People with Each Score
Percentile by Number Answered
Your Score History
You have not taken this quiz since the last reset